| 000 | 00765nam a2200217 a 4500 | ||
|---|---|---|---|
| 001 | 22836 | ||
| 003 | CO-ViMGA | ||
| 008 | 141112s2004 ck r 000 u spa d | ||
| 020 | _a9589606566 | ||
| 040 |
_aCO-ViMGA _bspa _cCO-ViMGA |
||
| 082 | 0 | 4 | _a343.2 M157i |
| 100 | 1 |
_aMantilla Jacome, Rodolfo _932685 |
|
| 245 | 1 | 0 | _aLa imputabilidad penal |
| 260 |
_aColombia : _bLeyer |
||
| 300 | _a165p. | ||
| 505 | _aLa imputabilidad como requisito para ser destinatario de la norma penal, El aspecto positivo de la imputabilidad, La inimputabilidad, La responsabilidad penal de los inimputables en el nuevo codigo penal | ||
| 650 | 1 | 4 |
_aDELITOS _93324 |
| 650 | 1 | 4 |
_aDERECHO PENAL - LEGISLACION - COLOMBIA _922031 |
| 650 | 1 | 4 |
_aIMPUTABILIDAD _932686 |
| 942 |
_2ddc _cBK |
||
| 999 |
_c31132 _d31132 |
||